The Stilwell papers
Сохранить в:
| Главный автор: | |
|---|---|
| Формат: | |
| Язык: | Undetermined |
| Опубликовано: |
New York
William Sloane Associates, Inc.
1948
|
| Предметы: | |
| Метки: |
Добавить метку
Нет меток, Требуется 1-ая метка записи!
|
| Thư viện lưu trữ: | Trung tâm Học liệu Trường Đại học Cần Thơ |
|---|
| LEADER | 00599nam a2200217Ia 4500 | ||
|---|---|---|---|
| 001 | CTU_86002 | ||
| 008 | 210402s9999 xx 000 0 und d | ||
| 082 | |a 940.54 | ||
| 082 | |b S857 | ||
| 100 | |a Stilwell, Joseph W. | ||
| 245 | 4 | |a The Stilwell papers | |
| 245 | 0 | |c Joseph W. Stilwell | |
| 260 | |a New York | ||
| 260 | |b William Sloane Associates, Inc. | ||
| 260 | |c 1948 | ||
| 650 | |a United states. army,World war,Generals | ||
| 650 | |x Biography,Biography | ||
| 650 | |y 1939-1945 | ||
| 650 | |z United states | ||
| 904 | |i Trúc | ||
| 980 | |a Trung tâm Học liệu Trường Đại học Cần Thơ | ||